[Event "jrafaelcc"]
[Site "http://www.queenalice.com/game.php?id=788651"]
[Date "2010.6.11"]
[Round "2"]
[White "clabrada"]
[Black "Piazzolero"]
[Result "1-0"]
[WhiteElo "2085"]
[BlackElo "1500"]

1. e4 e5 2. Nf3 d6 3. d4 Nc6 4. dxe5 dxe5 5. Qxd8+ Kxd8 6. Bc4 Be6 7. Bxe6 fxe6
8. c3 Nf6 9. Bg5 h6 10. Bh4 Kd7 11. Nbd2 Re8 12. Bg3 Bd6 13. Nc4 Nxe4 14. Ncxe5+
Nxe5 15. Nxe5+ Kc8 16. Nf7 Rhf8 17. Nxd6+ cxd6 18. Rd1 d5 19. Rd3 Nc5 20. Rd2
Na4 21. O-O Nb6 22. Re2 g5 23. Rfe1 Rf6 24. Be5 Rg6 25. Bd4 h5 26. Bxb6 axb6 27.
Re5 Kd8 28. Kf1 Kd7 29. Ke2 Kd6 30. Kd3 h4 31. c4 g4 32. cxd5 g3 33. fxg3 hxg3
34. h3 Rgg8 35. dxe6 Rg6 36. e7 Rg7 37. Re6+ Kd7 38. Rxb6 Rexe7 39. Rxb7+ Kd8
40. Rbxe7 Rxe7 41. Rxe7 Kxe7 42. a4 Kd7 43. b4 Kc6 44. Kc4 Kb6 45. a5+ Ka6 46.
Kc5 Ka7 47. b5 Kb7 48. a6+ Ka7 49. Kc6 Ka8 50. b6 Kb8 51. b7 Ka7 52. Kc7 Kxa6
53. b8=Q Ka5 54. Qb3 Ka6 55. Qa4# 1-0

[Event "2000 World Cup"]
[Site "http://www.queenalice.com/game.php?id=789011"]
[Date "2010.6.12"]
[Round "4"]
[White "clabrada"]
[Black "REUSKING"]
[Result "1-0"]
[WhiteElo "2076"]
[BlackElo "1994"]

1. e4 e5 2. Nf3 Nf6 3. Nxe5 d6 4. Nf3 Nxe4 5. d4 d5 6. Bd3 Bd6 7. O-O O-O 8. c4
c6 9. Re1 Bf5 10. Nc3 Nxc3 11. bxc3 Bxd3 12. Qxd3 Nd7 13. Bg5 Nf6 14. c5 Be7 15.
Re2 Ne4 16. Bxe7 Qxe7 17. Nd2 f5 18. f3 1-0

[Event "2000 World Cup"]
[Site "http://www.queenalice.com/game.php?id=842742"]
[Date "2010.10.7"]
[Round "5"]
[White "clabrada"]
[Black "insomnia69"]
[Result "0-1"]
[WhiteElo "2089"]
[BlackElo "2401"]

1. d4 Nf6 2. c4 g6 3. Nc3 d6 4. e4 Bg7 5. f3 O-O 6. Be3 Nbd7 7. Bd3 c5 8. d5 Ne5
9. Nge2 a6 10. O-O Rb8 11. Rb1 Qa5 12. a3 Nfd7 13. f4 Nxd3 14. Qxd3 b5 15. cxb5
axb5 16. Ng3 Ba6 17. Nce2 b4 18. Qd2 Qb5 19. f5 Qd3 20. Qxd3 Bxd3 21. Rbd1 Bxe2
22. Nxe2 Bxb2 23. axb4 Rxb4 24. Ng3 Nf6 25. Bg5 Bd4+ 26. Kh1 Rfb8 27. Bxf6 Bxf6
28. fxg6 hxg6 29. Rd2 c4 0-1

[Event "jrafaelcc"]
[Site "http://www.queenalice.com/game.php?id=874069"]
[Date "2010.12.20"]
[Round "3"]
[White "jrafaelcc"]
[Black "clabrada"]
[Result "1-0"]
[WhiteElo "2185"]
[BlackElo "2087"]

1. e4 c5 2. Nf3 a6 3. d4 cxd4 4. Nxd4 e5 5. Nf3 d6 6. Nc3 Nf6 7. Bc4 Be7 8. h3
O-O 9. O-O Re8 10. Re1 Qc7 11. Bb3 Nbd7 12. a4 Nc5 13. Bd5 1-0

[Event "AUTO-MASTER-1499"]
[Site "http://www.queenalice.com/game.php?id=987521"]
[Date "2011.9.20"]
[Round "1"]
[White "xyzzyx"]
[Black "clabrada"]
[Result "0-1"]
[WhiteElo "1952"]
[BlackElo "2077"]

1. c4 Nf6 2. Nc3 e6 3. g3 d5 4. cxd5 exd5 5. d4 c6 6. Bg2 Bd6 7. Bg5 h6 8. Bxf6
Qxf6 9. e3 O-O 10. Nge2 Nd7 11. O-O Re8 12. a3 Qe7 13. b4 Nb6 14. Na4 Nc4 15.
Nc5 Bg4 0-1

[Event "AUTO-MASTER-1499"]
[Site "http://www.queenalice.com/game.php?id=987522"]
[Date "2011.9.20"]
[Round "1"]
[White "clabrada"]
[Black "xyzzyx"]
[Result "1-0"]
[WhiteElo "2088"]
[BlackElo "1779"]

1. e4 e6 2. d4 d5 3. exd5 exd5 4. c4 Nf6 5. Nc3 Bb4 6. Nf3 O-O 7. Bd3 Bg4 8. O-O
Nbd7 9. a3 Bxc3 10. bxc3 c6 11. Be2 Ne4 12. Bb2 Ndf6 13. Rc1 Re8 14. Re1 Bxf3
15. Bxf3 Qd6 16. cxd5 cxd5 17. g3 a6 18. c4 1-0

[Event "AUTO-MASTER-1499"]
[Site "http://www.queenalice.com/game.php?id=987533"]
[Date "2011.9.20"]
[Round "1"]
[White "andrevillares"]
[Black "clabrada"]
[Result "0-1"]
[WhiteElo "2055"]
[BlackElo "2113"]

1. d4 Nf6 2. c4 e6 3. Nf3 c5 4. Nc3 d5 5. cxd5 exd5 6. Bg5 Be6 7. e3 Nc6 8. Be2
Be7 9. O-O Ne4 10. Bxe7 Qxe7 11. Rc1 Nxc3 12. Rxc3 c4 13. b3 cxb3 14. Rxb3 O-O
15. Bd3 Rfc8 16. Bb1 Rc7 17. Qd3 g6 18. h4 Bg4 19. Nh2 Qxh4 20. Nxg4 Qxg4 21. f3
Qd7 22. Rd1 Rac8 23. e4 Ne7 24. e5 Rc4 25. f4 b6 26. Qg3 Rc1 27. Rxc1 Rxc1+ 28.
Kh2 Qc8 29. Qg5 Nf5 30. Bxf5 Qxf5 31. Qh6 g5 32. fxg5 Qf4+ 33. Rg3 Rc3 34. Qh3
b5 35. Qg4 Qxg3+ 36. Qxg3 Rxg3 37. Kxg3 b4 38. Kf3 a5 39. Ke3 a4 40. Kd3 Kg7 41.
g3 Kg6 42. Kd2 Kxg5 0-1

[Event "AUTO-MASTER-1499"]
[Site "http://www.queenalice.com/game.php?id=987541"]
[Date "2011.9.20"]
[Round "1"]
[White "clabrada"]
[Black "VENUS"]
[Result "1/2-1/2"]
[WhiteElo "2083"]
[BlackElo "1930"]

1. e4 d5 2. exd5 Nf6 3. d4 c6 4. dxc6 Nxc6 5. c3 e6 6. Nf3 Bd6 7. Bd3 O-O 8. O-O
h6 9. Re1 Qc7 10. Qe2 b6 11. Nbd2 Bb7 12. Ne4 Nxe4 13. Qxe4 g6 14. Bxh6 Nb4 15.
Qe3 Nxd3 16. Qxd3 Rfd8 17. Qe3 Bf8 18. Ne5 Qd6 19. Ng4 Be7 20. Bg5 Qd5 21. Nh6+
Kh7 22. Qh3 Bxg5 23. Nxf7+ Kg7 24. Nxd8 Bxd8 25. Qg3 Bf6 26. Rac1 Rc8 27. f3 Ba6
28. Qf4 Bb7 29. Qe4 Kf7 30. Qxd5 Bxd5 31. b3 b5 32. Kf2 a5 33. Ke3 a4 34. c4
bxc4 35. bxc4 Rxc4 36. Rxc4 Bxc4 37. a3 Bb3 38. Rc1 Be7 39. Rc7 Kf6 40. Rxe7
Kxe7 41. h4 Kf6 42. g4 Bd1 43. Kf4 Be2 44. Ke3 Bc4 45. Kf4 Bb3 46. Kg3 g5 47.
hxg5+ Kxg5 48. f4+ Kg6 49. f5+ exf5 50. gxf5+ Kxf5 51. Kf3 Bd5+ 52. Ke3 Bc4 53.
Kd2 Ke4 54. Kc3 Bb3 1/2-1/2

[Event "AUTO-MASTER-1499"]
[Site "http://www.queenalice.com/game.php?id=987542"]
[Date "2011.9.20"]
[Round "1"]
[White "VENUS"]
[Black "clabrada"]
[Result "0-1"]
[WhiteElo "1931"]
[BlackElo "2075"]

1. d4 Nf6 2. Nf3 e6 3. e3 c5 4. c3 d5 5. Bd3 Nc6 6. O-O Bd6 7. Re1 O-O 8. Nbd2
e5 9. dxe5 Nxe5 10. Bc2 Re8 11. Nxe5 Bxe5 12. Nf3 Bc7 13. h3 Qe7 14. b3 Bd7 15.
Bb2 c4 16. bxc4 dxc4 17. Qe2 Bc6 18. Nh2 Rad8 19. Ng4 Nxg4 20. hxg4 Qh4 0-1

[Event "AUTO-MASTER-1505"]
[Site "http://www.queenalice.com/game.php?id=990713"]
[Date "2011.9.27"]
[Round "1"]
[White "merdanata"]
[Black "clabrada"]
[Result "0-1"]
[WhiteElo "1823"]
[BlackElo "2098"]

1. e4 e5 2. Nf3 Nc6 3. Bc4 Bc5 4. d3 Nf6 5. Ng5 O-O 6. Nc3 d6 7. Bd2 a6 8. Nf3
Be6 9. Bb3 h6 10. Ne2 d5 11. exd5 Bxd5 12. Nc3 Bxb3 13. axb3 e4 14. dxe4 Re8 15.
O-O Nxe4 16. Nxe4 Rxe4 17. c3 Qd3 18. Ra4 Rae8 19. Rxe4 Rxe4 20. Ne1 Qe2 21. Nf3
Ne5 22. Nxe5 Bxf2+ 23. Kh1 Rxe5 24. Bf4 Qxd1 25. Rxd1 Re7 26. h3 g5 27. Bc1 Bg3
28. Rf1 Kg7 29. Rd1 f5 30. Kg1 Re1+ 31. Rxe1 Bxe1 32. Kf1 Bg3 33. Ke2 Kf6 34.
Kf3 Be5 35. g4 c6 36. b4 fxg4+ 37. hxg4 Kg6 38. Be3 h5 39. gxh5+ Kxh5 40. Kg2 g4
41. Bd2 Kg6 42. Be3 Kf5 43. Kf2 Bf4 44. Bd4 Ke4 45. Ke2 Be5 46. Be3 g3 47. Bg1
Bf4 48. Kd1 Be3 0-1

[Event "AUTO-MASTER-1505"]
[Site "http://www.queenalice.com/game.php?id=990714"]
[Date "2011.9.27"]
[Round "1"]
[White "clabrada"]
[Black "merdanata"]
[Result "1-0"]
[WhiteElo "2092"]
[BlackElo "1842"]

1. e4 e5 2. Nf3 d6 3. d4 exd4 4. Nxd4 Be6 5. Nxe6 fxe6 6. Qh5+ g6 7. Qb5+ Nd7 8.
Qxb7 Ne7 9. Bb5 c6 10. Bxc6 Nxc6 11. Qxc6 Rc8 12. Qa4 Bg7 13. O-O O-O 14. c3 Rc7
15. Nd2 Nc5 16. Qc2 Qh4 17. g3 Qf6 18. f4 Rcf7 19. Nf3 e5 20. Be3 Bh6 21. Bxc5
dxc5 22. Nxe5 Re7 23. Ng4 Qg7 24. Rad1 Rfe8 25. Rd6 Re6 26. Qb3 Kf7 27. Rfd1 Qf8
28. Rxe6 Rxe6 29. Rd7+ Kg8 30. Qxe6+ 1-0

[Event "AUTO-MASTER-1505"]
[Site "http://www.queenalice.com/game.php?id=990725"]
[Date "2011.9.27"]
[Round "1"]
[White "AgronopoulusOnassis"]
[Black "clabrada"]
[Result "0-1"]
[WhiteElo "1819"]
[BlackElo "2102"]

1. e4 e5 2. Nf3 Nc6 3. Bb5 Nf6 4. O-O Nxe4 5. Re1 Nd6 6. Bxc6 dxc6 7. Nxe5 Be7
8. d4 O-O 9. Bf4 Be6 10. Nd2 Re8 11. c3 a5 12. Qc2 Bf6 13. Re2 Bd7 14. Rae1 Bxe5
0-1

[Event "AUTO-MASTER-1505"]
[Site "http://www.queenalice.com/game.php?id=990726"]
[Date "2011.9.27"]
[Round "1"]
[White "clabrada"]
[Black "AgronopoulusOnassis"]
[Result "1-0"]
[WhiteElo "2106"]
[BlackElo "1814"]

1. e4 e5 2. Nf3 Nc6 3. Bb5 a6 4. Ba4 Nf6 5. O-O b5 6. Bb3 d6 7. Re1 Be7 8. c3
O-O 9. h3 g6 10. d4 Nh5 11. Nbd2 Nf4 12. Nf1 Bd7 13. Ng3 Bh4 14. Ne2 1-0

[Event "AUTO-MASTER-1505"]
[Site "http://www.queenalice.com/game.php?id=990731"]
[Date "2011.9.27"]
[Round "1"]
[White "Nunes"]
[Black "clabrada"]
[Result "1/2-1/2"]
[WhiteElo "2070"]
[BlackElo "2085"]

1. e4 e5 2. Nf3 Nc6 3. Bb5 Nf6 4. O-O Nxe4 5. Re1 Nd6 6. Bxc6 dxc6 7. Nxe5 Be7
8. d4 O-O 9. Nc3 Be6 10. Bf4 Nf5 11. Nf3 Bf6 12. Be5 Bd5 13. Ne4 Bxe4 14. Rxe4
Bxe5 15. Rxe5 Ne7 16. c3 Ng6 17. Re3 Re8 18. Rxe8+ Qxe8 19. Qb3 b6 20. Re1 Qd7
21. c4 Rd8 22. Qe3 Kf8 23. b3 Re8 24. Qxe8+ Qxe8 25. Rxe8+ Kxe8 26. g3 f6
1/2-1/2

[Event "AUTO-MASTER-1505"]
[Site "http://www.queenalice.com/game.php?id=990732"]
[Date "2011.9.27"]
[Round "1"]
[White "clabrada"]
[Black "Nunes"]
[Result "1/2-1/2"]
[WhiteElo "2084"]
[BlackElo "2071"]

1. e4 e5 2. Nf3 Nc6 3. Bb5 a6 4. Ba4 Nf6 5. O-O b5 6. Bb3 Nxe4 7. d4 d5 8. dxe5
Be6 9. c3 Bc5 10. Nbd2 f5 11. exf6 Nxf2 12. Rxf2 Bxf2+ 13. Kxf2 Qxf6 14. Nf1 Ne5
15. Bg5 Qf7 16. Kg1 Nxf3+ 17. Qxf3 Qxf3 18. gxf3 Kd7 19. Kg2 Rhf8 20. Ng3 Rae8
21. Bc2 h6 22. Bd2 c5 23. Re1 g5 24. b4 cxb4 1/2-1/2

[Event "AUTO-MASTER-1529"]
[Site "http://www.queenalice.com/game.php?id=1003656"]
[Date "2011.11.1"]
[Round "1"]
[White "Paulsains"]
[Black "clabrada"]
[Result "0-1"]
[WhiteElo "1922"]
[BlackElo "2109"]

1. e4 e5 2. Nf3 Nc6 3. Be2 Nf6 4. d3 d5 5. exd5 Nxd5 6. O-O Bc5 7. c4 Nf6 8. Nc3
h6 9. Be3 Bd4 10. Bxd4 exd4 11. Ne4 O-O 12. Nxf6+ Qxf6 13. a3 a5 14. Re1 Bf5 15.
Qb3 a4 16. Qxb7 Ra7 17. Qb5 Rb8 18. Qc5 Ra5 0-1

[Event "AUTO-MASTER-1529"]
[Site "http://www.queenalice.com/game.php?id=1003657"]
[Date "2011.11.1"]
[Round "1"]
[White "clabrada"]
[Black "Paulsains"]
[Result "1-0"]
[WhiteElo "2115"]
[BlackElo "1902"]

1. e4 e5 2. Nf3 d6 3. d4 exd4 4. Nxd4 Nf6 5. Nc3 c5 6. Bb5+ Bd7 7. Bxd7+ Nbxd7
8. Nf5 g6 9. Nxd6+ Bxd6 10. Qxd6 Qe7 11. Qxe7+ Kxe7 12. Bg5 h6 13. Nd5+ Ke6 14.
Bxf6 Nxf6 15. Nc7+ Ke7 16. Nxa8 Rxa8 17. f3 Rd8 18. Rd1 Rxd1+ 19. Kxd1 Ke6 20.
Ke2 Ke5 21. Ke3 Nd7 22. Rd1 Ke6 23. f4 f6 24. g4 Nb6 25. f5+ gxf5 26. gxf5+ Ke5
27. b3 a5 28. c4 h5 29. h4 a4 30. Rd2 axb3 31. axb3 Nc8 32. Rd5# 1-0

[Event "AUTO-MASTER-1529"]
[Site "http://www.queenalice.com/game.php?id=1003677"]
[Date "2011.11.1"]
[Round "1"]
[White "BeHappy"]
[Black "clabrada"]
[Result "1-0"]
[WhiteElo "2261"]
[BlackElo "2121"]

1. e4 e5 2. Nc3 Nf6 3. Nf3 Nc6 4. Bc4 Bc5 5. d3 O-O 6. O-O h6 7. a3 d6 8. h3 Be6
9. b4 Bxc4 10. bxc5 Be6 11. Be3 d5 12. exd5 Nxd5 13. Nxd5 Bxd5 14. Nd2 Ne7 15.
Qh5 Ng6 16. Ne4 Qe7 17. Nc3 Bc6 18. Rfe1 Rae8 19. Rab1 a6 20. g3 Qe6 21. Kh2 f5
22. Bd2 f4 23. g4 Nh4 24. Qxh4 g5 25. Qh5 Re7 26. Ne4 Rg7 27. d4 Be8 28. d5 Qxd5
29. Qxe8 1-0